| 000 | 01088nac a22002411u 4500 | ||
|---|---|---|---|
| 090 | _c2138 | ||
| 008 | 090201t2000 xxu||||| |||| 00| 0 eng d | ||
| 010 | _a99059157 | ||
| 020 | _a0300082304 (alk. paper) | ||
| 082 | 0 | 0 |
_a332 _bLAM |
| 100 | _aLamfalussy, Alexandre. | ||
| 245 | 1 | 0 |
_aFinancial Crises in Emerging Markets : _bAn Essay on Financial Globalisation and Fragility / _cAlexandre Lamfalussy. |
| 260 |
_aNew Haven, [Conn.] : _bYale University Press, _cc2000. |
||
| 300 |
_axx, 199 p. : _bill. ; _c22 cm. |
||
| 490 | 1 | _aHenry L. Stimson lectures | |
| 504 | _aIncludes bibliographical references (p. 183-184) and index. | ||
| 650 | 0 | _aBusiness cycles. | |
| 650 | 0 | _aFinancial crises. | |
| 830 | 0 | _aHenry L. Stimson lectures, Yale University. | |
| 942 |
_cBB _k332LAM _2ddc |
||
| 999 |
_c2138 _d2138 |
||